[Event "Olympiad Women-44"]
[Site "Chennai"]
[Date "2022.08.05"]
[Round "7.4"]
[White "Bouah, Denise"]
[Black "Hamza, Amira"]
[Result "0-1"]
[WhiteElo "1736"]
[BlackElo "1848"]
[PlyCount "110"]
[EventDate "2022.07.29"]
[EventType "team-swiss"]
[EventRounds "11"]
[EventCountry "IND"]
[SourceTitle "CBM 210"]
[Source "ChessBase"]
[SourceDate "2022.10.31"]
[SourceVersion "1"]
[SourceVersionDate "2022.10.31"]
[SourceQuality "1"]
[WhiteTeam "South Africa (W)"]
[BlackTeam "Algeria (W)"]
[WhiteTeamCountry "RSA"]
[BlackTeamCountry "ALG"]

1. e4 e6 2. Qe2 d5 3. exd5 Qxd5 4. Nc3 Qd8 5. Nf3 Nf6 6. d4 Be7 7. g3 0-0 8. Bg2 Nc6 9. Be3 Nb4 10. 0-0 Nbd5 11. Bd2 Nxc3 12. Bxc3 c6 13. Rad1 Qb6 14. b3 Bb4 15. Bxb4 Qxb4 16. c4 a5 17. Qe1 Qa3 18. Ra1 Rd8 19. Qc1 Qb4 20. Qe1 Bd7 21. Qxb4 axb4 22. Ne1 Be8 23. Nc2 Rd6 24. Rfd1 Rad8 25. Bf3 h6 26. Kf1 Nh7 27. Nxb4 Rxd4 28. Rxd4 Rxd4 29. Ke2 Ng5 30. Bg2 f6 31. a4 e5 32. a5 Ne6 33. a6 bxa6 34. Nxc6 Rd6 35. Ne7+ Kf8 36. Nd5 Nd4+ 37. Kd3 Nxb3 38. Ra3 Nc5+ 39. Kc3 Bg6 40. Ra5 Ne4+ 41. Kb4 Nxf2 42. Kc5 Rd8 43. Rxa6 Nd3+ 44. Kb6 Rd6+ 45. Ka7 Rd7+ 46. Kb8 Nc5 47. Rc6 Be4 48. Rc8+ Kf7 49. Bh3 Bxd5 50. Bxd7 Nxd7+ 51. Ka7 Be6 52. c5 e4 53. c6 Ne5 54. Rc7+ Kf8 55. Kb6 e3 0-1

[Event "Olympiad Women-44"]
[Site "Chennai"]
[Date "2022.08.01"]
[Round "4.4"]
[White "Hamza, Amira"]
[Black "Stoeri, Laura"]
[Result "0-1"]
[WhiteElo "1848"]
[BlackElo "2084"]
[PlyCount "94"]
[EventDate "2022.07.29"]
[EventType "team-swiss"]
[EventRounds "11"]
[EventCountry "IND"]
[SourceTitle "CBM 210"]
[Source "ChessBase"]
[SourceDate "2022.10.31"]
[SourceVersion "1"]
[SourceVersionDate "2022.10.31"]
[SourceQuality "1"]
[WhiteTeam "Algeria (W)"]
[BlackTeam "Switzerland (W)"]
[WhiteTeamCountry "ALG"]
[BlackTeamCountry "SUI"]

1. d4 Nf6 2. Nf3 e6 3. g3 b5 4. a4 b4 5. Bg2 Bb7 6. c4 bxc3 7. bxc3 Be7 8. 0-0 0-0 9. Bg5 d6 10. Nbd2 Nbd7 11. Qc2 c5 12. Rfc1 Rc8 13. Qd1 h6 14. Bxf6 Nxf6 15. Nc4 Ba6 16. Nfd2 Rc7 17. Rab1 Qc8 18. Na3 Rd8 19. Nb5 Rcd7 20. Nc4 Nd5 21. Na5 Re8 22. e4 Bd8 23. Nc4 Bxb5 24. axb5 Nb6 25. Na5 d5 26. e5 Na8 27. Nc6 Bb6 28. Qg4 Nc7 29. dxc5 Bxc5 30. Qa4 Qb7 31. b6 axb6 32. Nb8 Rdd8 33. Nc6 Ra8 34. Na5 Qc8 35. Qc2 Rxa5 36. Qd3 Qa6 37. Qf3 Ra2 38. Bf1 Qa4 39. Be2 Qe4 40. Qxe4 dxe4 41. Kf1 Nd5 42. c4 Nb4 43. Rd1 Nd3 44. Bxd3 Rxf2+ 45. Ke1 exd3 46. Rxd3 Rxh2 47. Rbb3 Ra8 0-1

[Event "Arab-ch (Women)"]
[Site "Dubai"]
[Date "2018.12.03"]
[Round "7"]
[White "Mezioud, Amina"]
[Black "Hamza, Amira"]
[Result "1-0"]
[WhiteElo "2065"]
[BlackElo "1900"]
[PlyCount "85"]
[EventDate "2018.11.28"]
[EventType "swiss"]
[EventRounds "9"]
[EventCountry "UAE"]
[SourceTitle "CBM 187 Extra"]
[Source "ChessBase"]
[SourceDate "2018.11.04"]
[SourceVersion "1"]
[SourceVersionDate "2018.11.04"]
[SourceQuality "1"]

1. e4 e6 2. d3 d5 3. Nd2 Nf6 4. Ngf3 Nc6 5. e5 Nd7 6. d4 f6 7. exf6 Nxf6 8. c3 Bd6 9. Bd3 0-0 10. Nb3 e5 11. dxe5 Nxe5 12. Be2 c6 13. Nxe5 Bxe5 14. Be3 Ne4 15. Bf3 Bf5 16. Nd4 Qf6 17. Nxf5 Qxf5 18. 0-0 Bc7 19. Bg4 Qe5 20. g3 Rae8 21. Bd4 Qd6 22. Re1 Bb6 23. Bxb6 axb6 24. Rf1 Qc5 25. Bf3 Nd2 26. Qxd2 Rxf3 27. Rae1 Ref8 28. Re2 Qc4 29. Re7 Qg4 30. Rxb7 h5 31. Rxb6 Qc4 32. Rb7 Qg4 33. Rb4 Qg6 34. a4 Rd3 35. Qc1 Rff3 36. Qe1 c5 37. Rh4 d4 38. cxd4 cxd4 39. Qe5 Rf5 40. Qe4 Rdf3 41. Qxd4 Kh7 42. b4 Qf7 43. Re4 1-0

[Event "Arab-ch (Women)"]
[Site "Dubai"]
[Date "2018.11.29"]
[Round "2"]
[White "Wafa, Shahenda"]
[Black "Hamza, Amira"]
[Result "1-0"]
[WhiteElo "2142"]
[BlackElo "1900"]
[PlyCount "93"]
[EventDate "2018.11.28"]
[EventType "swiss"]
[EventRounds "9"]
[EventCountry "UAE"]
[SourceTitle "CBM 187 Extra"]
[Source "ChessBase"]
[SourceDate "2018.11.04"]
[SourceVersion "1"]
[SourceVersionDate "2018.11.04"]
[SourceQuality "1"]

1. e4 e6 2. d4 d5 3. Nc3 dxe4 4. Nxe4 Nf6 5. Bd3 Nbd7 6. Nf3 Nxe4 7. Bxe4 Nf6 8. Bd3 c5 9. dxc5 Bxc5 10. 0-0 0-0 11. Ne5 Qc7 12. Qe2 Bd6 13. Bf4 Bd7 14. Rad1 Rad8 15. Bg3 Bc6 16. Nxc6 Qxc6 17. Bh4 Be7 18. Bg5 h6 19. Bd2 a6 20. Bc3 Rc8 21. Rfe1 Rfd8 22. Be5 Nd7 23. Be4 Qb6 24. Bd4 Bc5 25. Bc3 Bb4 26. Bxb4 Qxb4 27. c3 Qb6 28. Bf3 Nf6 29. Qc2 Qc7 30. Qb3 b5 31. a4 bxa4 32. Qxa4 Rb8 33. Rxd8+ Qxd8 34. Rd1 Qc7 35. Qc2 Qb6 36. b4 Rc8 37. g3 a5 38. bxa5 Qxa5 39. c4 Qc5 40. Be2 Rb8 41. Qd3 Rb2 42. Ra1 Rb8 43. Qf3 Qe5 44. Rd1 Qc5 45. Qf4 e5 46. Qf5 Rb2 47. Rd8+ 1-0

[Event "Africa-ch (Women)"]
[Site "Oran"]
[Date "2017.07.08"]
[Round "7"]
[White "Wafa, Shrook"]
[Black "Hamza, Amira"]
[Result "1-0"]
[WhiteElo "2165"]
[BlackElo "1912"]
[PlyCount "97"]
[EventDate "2017.07.02"]
[EventType "swiss"]
[EventRounds "9"]
[EventCountry "ALG"]
[SourceTitle "CBM 179 Extra"]
[Source "ChessBase"]
[SourceDate "2017.08.23"]
[SourceVersion "1"]
[SourceVersionDate "2017.08.23"]
[SourceQuality "1"]

1. e4 e6 2. d4 d5 3. Nc3 dxe4 4. Nxe4 Nd7 5. Nf3 Ngf6 6. Nxf6+ Nxf6 7. Bd3 c5 8. c3 cxd4 9. cxd4 Bb4+ 10. Bd2 Bxd2+ 11. Qxd2 0-0 12. 0-0 Qd6 13. Rfd1 b6 14. Ne5 Bb7 15. Qf4 Qb4 16. Qh4 h6 17. b3 Qe7 18. Re1 Nd5 19. Qg3 Rfd8 20. Re4 Nf6 21. Rh4 h5 22. Qg5 Rac8 23. Rxh5 Rxd4 24. Rh7 Qf8 25. Rh3 Qc5 26. Rg3 Ne8 27. Qh5 Rc7 28. Re1 Qb4 29. Qh7+ Kf8 30. Qh8+ Ke7 31. Rge3 Bd5 32. Qg8 Rxd3 33. Nxd3 Qg4 34. f3 Qg5 35. Nb4 Nf6 36. Nxd5+ Qxd5 37. Rxe6+ fxe6 38. Qxg7+ Kd6 39. Qxf6 Qc5+ 40. Kh1 Re7 41. h4 Qc2 42. h5 Qd2 43. Qe5+ Kd7 44. a4 Qf2 45. Rd1+ Ke8 46. Qh8+ Kf7 47. Qh7+ Kf6 48. Qg6+ Ke5 49. Qg5# 1-0

[Event "Algiers zt 4.1 (Women)"]
[Site "Algiers"]
[Date "2017.05.16"]
[Round "7"]
[White "Hamza, Amira"]
[Black "Krifa, Najla"]
[Result "1-0"]
[WhiteElo "1893"]
[BlackElo "1785"]
[PlyCount "73"]
[EventDate "2017.05.12"]
[EventType "tourn"]
[EventRounds "9"]
[EventCountry "ALG"]
[SourceTitle "CBM 178 Extra"]
[Source "ChessBase"]
[SourceDate "2017.06.22"]
[SourceVersion "1"]
[SourceVersionDate "2017.06.22"]
[SourceQuality "1"]

1. d4 d5 2. Nf3 Nc6 3. e3 Bg4 4. Be2 Nf6 5. c4 e6 6. 0-0 dxc4 7. Qa4 Bd6 8. Nc3 0-0 9. Qxc4 Re8 10. Rd1 Bh5 11. Ne5 Ne7 12. Bxh5 Nxh5 13. e4 c6 14. Qe2 Nf6 15. Bg5 Nd7 16. Qf3 f6 17. Nxd7 Qxd7 18. Bh4 Ng6 19. Bg3 Bxg3 20. Qxg3 Qe7 21. h4 Nf8 22. d5 exd5 23. exd5 cxd5 24. Nxd5 Qe5 25. Nc7 Rac8 26. Nxe8 Qxe8 27. Rac1 Rxc1 28. Rxc1 Ne6 29. Qe3 Qd7 30. Qxa7 h6 31. Qe3 Kf7 32. f4 Qb5 33. Re1 Qf5 34. Qb3 Qc5+ 35. Kh1 Qf5 36. Qxb7+ Kg6 37. Qe4 1-0

[Event "Algiers zt 4.1 (Women)"]
[Site "Algiers"]
[Date "2017.05.13"]
[Round "3"]
[White "Hamza, Amira"]
[Black "Latreche, Sabrina"]
[Result "1-0"]
[WhiteElo "1893"]
[BlackElo "2054"]
[PlyCount "69"]
[EventDate "2017.05.12"]
[EventType "tourn"]
[EventRounds "9"]
[EventCountry "ALG"]
[SourceTitle "CBM 178 Extra"]
[Source "ChessBase"]
[SourceDate "2017.06.22"]
[SourceVersion "1"]
[SourceVersionDate "2017.06.22"]
[SourceQuality "1"]

1. d4 d5 2. Nf3 Nc6 3. g3 Bg4 4. Bg2 Qd7 5. Ne5 Nxe5 6. dxe5 e6 7. c4 c6 8. Nc3 Bc5 9. h3 Bh5 10. Bf4 Rd8 11. 0-0 Ne7 12. g4 Bg6 13. Qb3 Bd4 14. Rfd1 dxc4 15. Qxc4 b5 16. Qb4 Bxc3 17. Qxc3 Nd5 18. Qc5 Rc8 19. Bg5 Qc7 20. Rac1 f6 21. exf6 gxf6 22. Bh6 Kf7 23. Bxd5 exd5 24. Rxd5 Rhd8 25. Rxd8 Rxd8 26. Qc3 Rd5 27. Qf3 Qd6 28. e4 Rd3 29. Be3 Qe5 30. Rxc6 Bxe4 31. Rxf6+ Qxf6 32. Qxe4 Rd1+ 33. Kg2 Qxb2 34. Qf3+ Qf6 35. Qxd1 1-0

[Event "Olympiad Women-42"]
[Site "Baku"]
[Date "2016.09.09"]
[Round "7.2"]
[White "Omurbekova, Diana"]
[Black "Hamza, Amira"]
[Result "1-0"]
[WhiteElo "1868"]
[BlackElo "1918"]
[PlyCount "119"]
[EventDate "2016.09.02"]
[EventType "team-swiss"]
[EventRounds "11"]
[EventCountry "AZE"]
[SourceTitle "CBM 174 Extra"]
[Source "ChessBase"]
[SourceDate "2016.10.10"]
[SourceVersion "1"]
[SourceVersionDate "2016.10.10"]
[SourceQuality "1"]
[WhiteTeam "Kyrgyzstan (W)"]
[BlackTeam "Algeria (W)"]
[WhiteTeamCountry "KGZ"]
[BlackTeamCountry "ALG"]

1. e4 e6 2. d3 d5 3. Nd2 Nf6 4. Ngf3 Nc6 5. g3 dxe4 6. dxe4 Bc5 7. Bg2 0-0 8. 0-0 e5 9. c3 a5 10. Qc2 b6 11. Nc4 Ba6 12. Rd1 Qe7 13. Ne3 Bxe3 14. Bxe3 Rfd8 15. h3 Nd7 16. a3 Nc5 17. Bxc5 Qxc5 18. Rd5 Rxd5 19. exd5 Nd4 20. Nxd4 exd4 21. c4 Re8 22. Bf1 Qd6 23. b4 Qf6 24. Qd3 c5 25. dxc6 Qxc6 26. b5 Bxb5 27. cxb5 Qc5 28. Rd1 Rd8 29. Rd2 g6 30. Rc2 Qe5 31. Rc6 Rb8 32. f4 Qe1 33. Kg2 Qa1 34. Qb3 Rb7 35. Qd5 Qb2+ 36. Kg1 Rb8 37. Rc7 Rf8 38. a4 Qd2 39. Re7 Qc3 40. Kf2 Qc2+ 41. Be2 Qxa4 42. Re4 Qc2 43. Qxd4 Rc8 44. Re3 Qc1 45. Qxb6 Qh1 46. Qxa5 Qh2+ 47. Kf3 Qxh3 48. Qa1 h5 49. Qf1 Qf5 50. Re5 Rc3+ 51. Kf2 Qd7 52. Qd1 Qh3 53. Qd8+ Kh7 54. Qh4 Qd7 55. Qe7 Qd4+ 56. Re3 h4 57. Qxh4+ Kg8 58. Qe7 f5 59. Qe8+ Kh7 60. Qe5 1-0

[Event "Africa-ch (Women)"]
[Site "Kampala"]
[Date "2016.07.21"]
[Round "5.5"]
[White "Hamza, Amira"]
[Black "Laubscher, Anzel"]
[Result "1/2-1/2"]
[WhiteElo "1933"]
[BlackElo "1797"]
[PlyCount "108"]
[EventDate "2016.07.17"]
[EventType "swiss"]
[EventRounds "9"]
[EventCountry "UGA"]
[SourceTitle "EXT 2024"]
[Source "ChessBase"]
[SourceDate "2023.10.10"]
[SourceVersion "1"]
[SourceVersionDate "2023.10.10"]
[SourceQuality "1"]

1. d4 d6 2. Nf3 Nf6 3. Nbd2 Nbd7 4. e4 e5 5. dxe5 Nxe5 6. Nxe5 dxe5 7. Be2 Bc5 8. 0-0 0-0 9. c3 Qe7 10. Qc2 h6 11. b4 Bb6 12. Nc4 a6 13. Nxb6 cxb6 14. Be3 Qc7 15. a4 Be6 16. f3 Rac8 17. Rfc1 Nd7 18. Bf1 Qd8 19. Rd1 Qe7 20. Rac1 Kh8 21. Rd2 a5 22. Rb1 Rc7 23. Qd3 Rfc8 24. Rc2 axb4 25. Rxb4 Nc5 26. Qd2 Bb3 27. Rb2 Bxa4 28. Rxb6 Rd8 29. Qf2 Nd3 30. Bxd3 Rxd3 31. h3 Rdxc3 32. R6b4 b5 33. Qd2 Rc2 34. Qd5 Rxb2 35. Rxb2 Rd7 36. Qc6 Qd6 37. Qc8+ Kh7 38. Rd2 Rc7 39. Qf5+ Qg6 40. Qxe5 Rc1+ 41. Kh2 Rd1 42. Rxd1 Bxd1 43. Qxb5 Qd6+ 44. e5 Qg6 45. Qc4 Bc2 46. Qf4 Bf5 47. Bd4 Be6 48. Qe3 Bd5 49. Qf2 Qf5 50. Qg3 Be6 51. f4 Qe4 52. Bc3 Qg6 53. Qf3 Qc2 54. h4 Qg6 1/2-1/2

[Event "Africa-ch (Women)"]
[Site "Kampala"]
[Date "2016.07.21"]
[Round "6.3"]
[White "Wafa, Shahenda"]
[Black "Hamza, Amira"]
[Result "1-0"]
[WhiteElo "2106"]
[BlackElo "1933"]
[PlyCount "113"]
[EventDate "2016.07.17"]
[EventType "swiss"]
[EventRounds "9"]
[EventCountry "UGA"]
[SourceTitle "EXT 2024"]
[Source "ChessBase"]
[SourceDate "2023.10.10"]
[SourceVersion "1"]
[SourceVersionDate "2023.10.10"]
[SourceQuality "1"]

1. e4 e6 2. d4 d5 3. Nc3 dxe4 4. Nxe4 Nf6 5. Nxf6+ gxf6 6. Be3 Nc6 7. c3 Qd6 8. Qf3 Qe7 9. Qg3 a6 10. 0-0-0 b6 11. Bf4 e5 12. dxe5 fxe5 13. Bg5 Qe6 14. Bc4 Qxc4 15. Qxe5+ Be6 16. Qxh8 Qxa2 17. Qxh7 Qa1+ 18. Qb1 Qa5 19. Nf3 Be7 20. Bxe7 Nxe7 21. b4 Qa4 22. Nd4 Bc4 23. Qc2 Qd7 24. Rhe1 0-0-0 25. Qe4 Nd5 26. Nf5 Kb8 27. Qxc4 Qxf5 28. Qe4 Qxf2 29. Re2 Qf6 30. Rxd5 Qxc3+ 31. Rc2 Qa1+ 32. Kd2 Rh8 33. Re5 Rd8+ 34. Rd5 Rg8 35. g3 Qg1 36. Kc3 Qa1+ 37. Kd3 Qd1+ 38. Rd2 Qb1+ 39. Ke3 Qg1+ 40. Kf3 Qf1+ 41. Rf2 Qh1+ 42. Ke3 Qe1+ 43. Re2 Qg1+ 44. Kd2 Qa1 45. Qc2 Qh1 46. Rd7 Rc8 47. Qd3 Qa1 48. Qb3 a5 49. h4 Qf6 50. Re6 Qa1 51. Ree7 Qg1 52. Qe3 Qg2+ 53. Kd3 Qf1+ 54. Kc2 Qg2+ 55. Kb3 Qc6 56. h5 b5 57. Qc3 1-0

[Event "Africa-ch (Women)"]
[Site "Kampala"]
[Date "2016.07.18"]
[Round "2.2"]
[White "Mezioud, Amina"]
[Black "Hamza, Amira"]
[Result "1/2-1/2"]
[WhiteElo "2073"]
[BlackElo "1933"]
[PlyCount "63"]
[EventDate "2016.07.17"]
[EventType "swiss"]
[EventRounds "9"]
[EventCountry "UGA"]
[SourceTitle "EXT 2024"]
[Source "ChessBase"]
[SourceDate "2023.10.10"]
[SourceVersion "1"]
[SourceVersionDate "2023.10.10"]
[SourceQuality "1"]

1. e4 e6 2. d4 d5 3. Nc3 dxe4 4. Nxe4 Nf6 5. Nxf6+ gxf6 6. Be3 Nc6 7. g3 b6 8. Bg2 Bb7 9. Nf3 Qd7 10. 0-0 0-0-0 11. c3 h5 12. Qd2 Ne7 13. a4 Nf5 14. a5 Kb8 15. axb6 cxb6 16. h4 Bd6 17. c4 Rhg8 18. c5 Bc7 19. Qc3 Nxe3 20. Qxe3 bxc5 21. Qa3 a6 22. dxc5 Qd3 23. Qb4 a5 24. Qxb7+ Kxb7 25. Ne5+ Kc8 26. Nxd3 Rxd3 27. Rad1 Rxd1 28. Rxd1 Rd8 29. Rxd8+ Kxd8 30. Kf1 Ke7 31. Ke2 Ke8 32. Kf1 1/2-1/2

[Event "Algiers op 4th"]
[Site "Algiers"]
[Date "2016.02.24"]
[Round "5"]
[White "Latreche, Sabrina"]
[Black "Hamza, Amira"]
[Result "1-0"]
[WhiteElo "2055"]
[BlackElo "1906"]
[PlyCount "51"]
[EventDate "2016.02.21"]
[EventType "swiss"]
[EventRounds "9"]
[EventCountry "ALG"]
[SourceTitle "CBM 171 Extra"]
[Source "ChessBase"]
[SourceDate "2016.04.26"]
[SourceVersion "1"]
[SourceVersionDate "2016.04.26"]
[SourceQuality "1"]

1. e4 e6 2. d4 d5 3. Nc3 dxe4 4. Nxe4 Nf6 5. Bg5 Be7 6. Nxf6+ Bxf6 7. Bxf6 Qxf6 8. Nf3 Nd7 9. Bc4 c5 10. c3 0-0 11. 0-0 cxd4 12. Nxd4 Ne5 13. Bb3 b6 14. f4 Ng6 15. Qf3 Ba6 16. Rf2 Rad8 17. Qg4 Ne7 18. Re1 Rd6 19. f5 e5 20. Nf3 Nc6 21. Qg3 e4 22. Ng5 Rd3 23. Nxe4 Qh6 24. Rf3 Rfd8 25. Rxd3 Rc8 26. Nf6+ 1-0

[Event "ALG-ch (Women)"]
[Site "Algiers"]
[Date "2016.01.26"]
[Round "8"]
[White "Hamza, Amira"]
[Black "Yahiaoui, Asma"]
[Result "1-0"]
[WhiteElo "1898"]
[BlackElo "1529"]
[PlyCount "111"]
[EventDate "2016.01.22"]
[EventType "swiss"]
[EventRounds "9"]
[EventCountry "ALG"]
[SourceTitle "CBM 170 Extra"]
[Source "ChessBase"]
[SourceDate "2016.02.25"]
[SourceVersion "1"]
[SourceVersionDate "2016.02.25"]
[SourceQuality "1"]

1. d4 d5 2. Nf3 Nf6 3. e3 c5 4. Nbd2 Bg4 5. c3 e6 6. Qa4+ Nc6 7. Ne5 Qc7 8. Bb5 Rc8 9. Qxa7 cxd4 10. Bxc6+ bxc6 11. Qxc7 Rxc7 12. Nxg4 Nxg4 13. exd4 Bd6 14. h3 Nf6 15. b4 e5 16. Nb3 Ne4 17. Bd2 Kd8 18. Nc5 Nxd2 19. Kxd2 exd4 20. cxd4 Re8 21. Rae1 Rxe1 22. Kxe1 Bxc5 23. dxc5 Re7+ 24. Kd2 Re4 25. Rb1 Kc7 26. f3 Rd4+ 27. Kc3 Rc4+ 28. Kb3 Rd4 29. Rc1 Rd2 30. Rc2 Rd3+ 31. Kb2 Kb7 32. Re2 Ka6 33. a4 Rd4 34. Kc3 Rc4+ 35. Kb3 Rc1 36. Rc2 Re1 37. Kc3 Re3+ 38. Kd4 Rb3 39. b5+ Kb7 40. Ke5 cxb5 41. axb5 Rxb5 42. Kxd5 Rb1 43. Kd6 Rd1+ 44. Ke7 f6 45. Kf8 g5 46. Kg7 f5 47. Kxh7 g4 48. hxg4 fxg4 49. fxg4 Rd4 50. g5 Rh4+ 51. Kg7 Kc6 52. g6 Rf4 53. Kh6 Rh4+ 54. Kg5 Rh8 55. g7 Re8 56. Kf6 1-0

[Event "Algiers Ameyar Memorial 13th"]
[Site "Algiers"]
[Date "2015.06.13"]
[Round "7"]
[White "Zozulia, Anna"]
[Black "Hamza, Amira"]
[Result "1-0"]
[WhiteElo "2355"]
[BlackElo "1910"]
[PlyCount "61"]
[EventDate "2015.06.09"]
[EventType "swiss"]
[EventRounds "9"]
[EventCountry "ALG"]
[SourceTitle "CBM 167 Extra"]
[Source "ChessBase"]
[SourceDate "2015.09.14"]
[SourceVersion "1"]
[SourceVersionDate "2015.09.14"]
[SourceQuality "1"]

1. e4 d6 2. d4 g6 3. Nc3 Bg7 4. Be3 Nf6 5. f3 c6 6. Qd2 Nbd7 7. 0-0-0 Qa5 8. Bh6 Bxh6 9. Qxh6 b5 10. Kb1 b4 11. Nce2 Ba6 12. Nc1 Bxf1 13. Rxf1 0-0-0 14. Nge2 e5 15. Rd1 Ne8 16. Qe3 h5 17. Rd2 Qb6 18. Qb3 Rh7 19. c3 bxc3 20. Qxc3 f6 21. Nb3 Nf8 22. Rc1 Rc7 23. Rdc2 Kd7 24. dxe5 fxe5 25. f4 Nf6 26. fxe5 Nxe4 27. Qh3+ Ke8 28. Ned4 c5 29. Ne6 Nxe6 30. Qxe6+ Re7 31. Qxg6+ 1-0

[Event "Algiers Ameyar Memorial 13th"]
[Site "Algiers"]
[Date "2015.06.11"]
[Round "4"]
[White "Hamza, Amira"]
[Black "Salhi, Nouressadat"]
[Result "1/2-1/2"]
[WhiteElo "1910"]
[BlackElo "1952"]
[PlyCount "59"]
[EventDate "2015.06.09"]
[EventType "swiss"]
[EventRounds "9"]
[EventCountry "ALG"]
[SourceTitle "CBM 167 Extra"]
[Source "ChessBase"]
[SourceDate "2015.09.14"]
[SourceVersion "1"]
[SourceVersionDate "2015.09.14"]
[SourceQuality "1"]

1. d4 Nf6 2. Nf3 c5 3. c3 g6 4. Bf4 Bg7 5. Nbd2 cxd4 6. cxd4 d5 7. e3 0-0 8. h3 Nc6 9. Be2 h6 10. 0-0 g5 11. Bh2 Be6 12. Rc1 Qb6 13. Qb3 g4 14. hxg4 Bxg4 15. Qxb6 axb6 16. a3 Ne4 17. Bd3 Nxd2 18. Nxd2 e5 19. dxe5 Nxe5 20. Bb5 Rfc8 21. Nb3 Nc6 22. Rc2 Be6 23. Rfc1 d4 24. Nxd4 Nxd4 25. Rxc8+ Rxc8 26. Rxc8+ Bxc8 27. exd4 Bxd4 28. b3 Be6 29. Bc4 Bxc4 30. bxc4 1/2-1/2

[Event "Africa-ch (Women)"]
[Site "Cairo"]
[Date "2015.05.06"]
[Round "5"]
[White "Latreche, Sabrina"]
[Black "Hamza, Amira"]
[Result "1-0"]
[WhiteElo "2037"]
[BlackElo "1944"]
[PlyCount "51"]
[EventDate "2015.05.02"]
[EventType "team-swiss"]
[EventRounds "9"]
[EventCountry "EGY"]
[SourceTitle "CBM 166 Extra"]
[Source "ChessBase"]
[SourceDate "2015.06.18"]
[SourceVersion "1"]
[SourceVersionDate "2015.06.18"]
[SourceQuality "1"]

1. Nf3 d5 2. b3 Nf6 3. Bb2 e6 4. g3 Bd6 5. Bg2 0-0 6. 0-0 c5 7. d4 Nc6 8. e3 b6 9. Ne5 Bb7 10. c4 Qc7 11. Nxc6 Bxc6 12. dxc5 bxc5 13. cxd5 exd5 14. Bxf6 gxf6 15. Nc3 d4 16. Nd5 Bxd5 17. Bxd5 Rad8 18. Qh5 Rfe8 19. exd4 cxd4 20. Qg4+ Kh8 21. Qf5 Qe7 22. Rae1 Qf8 23. Qxf6+ Kg8 24. Rxe8 Rxe8 25. Bxf7+ Qxf7 26. Qxd6 1-0

[Event "Hammamet Africa zt 4.1 (Women)"]
[Site "Hammamet"]
[Date "2015.03.27"]
[Round "2"]
[White "Hamza, Amira"]
[Black "Miladi, Amen"]
[Result "1/2-1/2"]
[WhiteElo "1923"]
[BlackElo "1240"]
[PlyCount "79"]
[EventDate "2015.03.26"]
[EventType "tourn"]
[EventRounds "9"]
[EventCountry "TUN"]
[SourceTitle "CBM 165 Extra"]
[Source "ChessBase"]
[SourceDate "2015.04.21"]
[SourceVersion "1"]
[SourceVersionDate "2015.04.21"]
[SourceQuality "1"]

1. d4 b6 2. Nf3 e6 3. e3 Bb7 4. Bd3 f5 5. 0-0 Nf6 6. Nbd2 g6 7. Qe2 Ne4 8. Ne5 d6 9. Nec4 Nxd2 10. Bxd2 Bg7 11. e4 0-0 12. c3 Re8 13. Na3 Nd7 14. Rae1 c5 15. Nb5 Qb8 16. exf5 a6 17. f6 Bxf6 18. Na3 cxd4 19. cxd4 Bxd4 20. Qg4 Bxb2 21. Nc4 Be5 22. f4 Bd4+ 23. Kh1 Nc5 24. Bc2 Bd5 25. f5 e5 26. fxg6 Bxc4 27. gxh7+ Kh8 28. Bg5 e4 29. Bf6+ Bxf6 30. Rxf6 Rf8 31. Qh4 Qd8 32. Rxf8+ Qxf8 33. h3 Qg7 34. Bxe4 Re8 35. Bf3 Rxe1+ 36. Qxe1 Bf7 37. Qh4 Qxh7 38. Qd8+ Qg8 39. Qxd6 Qg6 40. Qd8+ 1/2-1/2